Caricamento...
Revolutionary change /
| Autore principale: | |
|---|---|
| Natura: | Printed Book |
| Lingua: | English |
| Pubblicazione: |
London :
Univ Press,
1966.
|
| LEADER | 00423nam a2200121Ia 4500 | ||
|---|---|---|---|
| 008 | 150624b xxu||||| |||| 00| 0 eng d | ||
| 082 | |a 303.64 | ||
| 100 | |a Johnson, Chalmers | ||
| 245 | |a Revolutionary change / |c Chalmers Johnson | ||
| 260 | |a London : |b Univ Press, |c 1966. | ||
| 942 | |c BK | ||
| 999 | |c 61884 |d 61884 | ||
| 952 | |0 0 |1 0 |4 0 |6 303_640000000000000_JOH_R |7 0 |9 61861 |a UL |b UL |c ST2 |d 2012-10-27 |l 0 |o 303.64 JOH/R |p D918 |r 2012-10-27 |w 2012-10-27 |y BK | ||